000
00327 a2200133 4500
000
nam a22 7a 4500
100
_a
Sharma, Shweta
110
_a
Sharma, Shweta
245
_a
Medieval Indian History
250
_a
Latest edition
260
_b
RBSA Publication
_c
2026
264
_b
RBSA Publication
_c
2026
942
_c
BK
999
_c
394768
_d
394768